000 00642nam a2200217Ii 4500
003 JO-AjNU
008 230606s9999||||xx |||||||||||||| ||und||
020 _a0-582-26253-4
040 _aJO-AjNU
_beng
_erda
_cJO-AjNU
041 _aeng
050 1 4 _aHF5657.4 .W75 1996
100 3 _aWrigh,David,
_eauthor
_93395
245 0 0 _aManagement Accounting
250 _a1 ed
264 3 1 _aLondon,New York: Addison Wesley Longman Ltd ,1996
300 _a315p
_b Includes indexes(p314-315)
336 _atext
_btxt
_2rdacontent
337 _aunmediated
_bn
_2rdamedia
338 _avolume
_bnc
_2rdacarrier
650 4 _aManagement Accounting
_93396
999 _aE1773
_c1773
_d1773